Sports Quiz

Random Sports or Baseball Quiz

MLB - Last 10 SS Games Played Leaders by team Quiz Stats

 Plays Quiz not verified by Sporcle

Score 0/299 Timer 20:00
0 Plays Today
Answer % Correct
Derek Jeter
94.8%
Jimmy Rollins
93.4%
Jimmy Rollins
93.4%
Troy Tulowitzki
93.1%
Troy Tulowitzki
93.1%
Miguel Tejada
90.2%
Miguel Tejada
90.2%
Miguel Tejada
90.2%
Ruben Tejada
90.2%
Kiko Garcia
89.9%
Alexei Ramirez
89.7%
Alexei Ramirez
89.7%
J.J. Hardy
89.5%
J.J. Hardy
89.5%
Hanley Ramirez
89.5%
J.J. Hardy
89.5%
Hanley Ramirez
89.5%
Cal Ripken
88.7%
Jose Reyes
88.4%
Jose Reyes
88.4%
Jose Reyes
88.4%
Edgar Renteria
88%
Edgar Renteria
88%
Edgar Renteria
88%
Edgar Renteria
88%
Edgar Renteria
88%
Edgar Renteria
88%
Nomar Garciaparra
87.9%
Addison Russell
87.3%
Asdrubal Cabrera
87%
Orlando Cabrera
87%
Orlando Cabrera
87%
Asdrubal Cabrera
87%
Orlando Cabrera
87%
Asdrubal Cabrera
87%
Orlando Cabrera
87%
Orlando Cabrera
87%
Everth Cabrera
86.9%
Omar Vizquel
86.4%
Omar Vizquel
86.4%
Alex Rodriguez
85.1%
Alex Rodriguez
85.1%
Alex Gonzalez
85.1%
Alex Gonzalez
85.1%
Alex Gonzalez
85.1%
Alex Gonzalez
85.1%
Alex Gonzalez
85.1%
Alex Gonzalez
85.1%
Carlos Guillen
84.7%
Carlos Guillen
84.7%
Ozzie Guillen
84.7%
Andrelton Simmons
84%
Andrelton Simmons
84%
Alcides Escobar
83.7%
Yunel Escobar
83.7%
Yunel Escobar
83.7%
Yunel Escobar
83.7%
Alcides Escobar
83.7%
Eduardo Escobar
83.6%
Carlos Correa
83.5%
Brandon Crawford
83.5%
Corey Seager
83.1%
Starlin Castro
83%
Michael Young
82.8%
Juan Castro
82.8%
Juan Castro
82.8%
Francisco Lindor
82.7%
Jack Wilson
82.7%
Josh Wilson
82.6%
Jhonny Peralta
82.6%
Jhonny Peralta
82.6%
Jhonny Peralta
82.6%
Barry Larkin
82.5%
Elvis Andrus
82.2%
Rafael Furcal
82%
Rafael Furcal
82%
Rafael Furcal
82%
Didi Gregorius
81.2%
Didi Gregorius
81.2%
Xander Bogaerts
81.1%
Jay Bell
80.1%
Jay Bell
80.1%
Jay Bell
80.1%
Juan Bell
79.9%
David Eckstein
78.9%
David Eckstein
78.9%
Stephen Drew
78.4%
Stephen Drew
78.4%
Ian Desmond
74.8%
Erick Aybar
73.5%
Erick Aybar
73.5%
Nick Green
73.1%
Jose Hernandez
71.8%
Walt Weiss
71%
Walt Weiss
71%
Walt Weiss
71%
Walt Weiss
71%
Ketel Marte
69.5%
Jean Segura
69.2%
Tim Anderson
68.6%
Answer % Correct
Elliot Johnson
67.8%
Brad Miller
67.6%
Brad Miller
67.6%
Neifi Perez
67.1%
Jeff Blauser
67.1%
Neifi Perez
67.1%
Jeff Blauser
67.1%
Neifi Perez
67.1%
Rey Sanchez
67%
Zack Cozart
66.3%
Jose Iglesias
66.1%
Rich Aurilia
66.1%
Rich Aurilia
66.1%
Khalil Greene
66.1%
Trevor Story
66%
Tony Fernandez
66%
Tony Womack
65.6%
Juan Uribe
64.4%
Juan Uribe
64.4%
Juan Uribe
64.4%
Jose Uribe
64.3%
Julio Lugo
64.1%
Julio Lugo
64.1%
Julio Lugo
64.1%
Danny Espinosa
63.6%
Rey Ordonez
62.7%
Orlando Arcia
62.5%
Erick Aybar
60.5%
Mike Bordick
59.6%
Mike Bordick
59.6%
Mike Bordick
59.6%
Cristian Guzman
59.4%
Cristian Guzman
59.4%
Jason Bartlett
58.6%
Jason Bartlett
58.6%
Jason Bartlett
58.6%
Mendy Lopez
58.5%
Feliple Lopez
58.5%
Felipe Lopez
58.5%
Aledmys Diaz
58%
Jose Valentin
57.5%
Royce Clayton
56.5%
Royce Clayton
56.5%
Royce Clayton
56.5%
Royce Clayton
56.5%
Royce Clayton
56.5%
Royce Clayton
56.5%
Royce Clayton
56.5%
Adam Everett
56.2%
Adam Everett
56.2%
Cesar Izturis
55.6%
Cesar Izturis
55.6%
Cesar Izturis
55.6%
Cesar Izturis
55.6%
Jed Lowrie
55.1%
Jed Lowrie
55.1%
Craig Counsell
54.9%
Scott Kingery
54.9%
Craig Counsell
54.9%
Julio Franco
54.2%
Bill Hall
54.1%
Jordy Mercer
53.8%
Deivi Cruz
53.8%
Deivi Cruz
53.8%
Wilmer Flores
53.8%
Deivi Cruz
53.8%
Deivi Cruz
53.8%
Clint Barmes
53.1%
Ramon Martinez
53.1%
Clint Barmes
53.1%
Clint Barmes
53.1%
Clint Barmes
53.1%
Paul DeJong
52.5%
Pokey Reese
52.3%
Pokey Reese
52.3%
Marco Scutaro
52%
Marco Scutaro
52%
Yuniesky Betancourt
51.8%
Yuniesky Betancourt
51.8%
Ryan Theriot
51.8%
Ryan Theriot
51.8%
Yuniesky Betancourt
51.8%
Mark Belanger
51.6%
Adeiny Hechavarria
51.2%
Eduardo Nunez
50.8%
Adeiny Hechavarria
50.7%
Freddy Galvis
50.4%
Chris Gomez
50.4%
Dansby Swanson
50.2%
Ryan Goins
49.8%
Dee Gordon
49.4%
Brendan Ryan
49.3%
Brendan Ryan
49.3%
Marcus Semien
48.4%
Willy Adames
48.3%
Gary Disarcina
47.8%
Brendan Harris
47.7%
Ketel Marte
47.4%
Bobby Crosby
47.3%
Angel Berroa
47%
Answer % Correct
Angel Berroa
47%
Rafael Belliard
46.9%
Jonathan Villar
46.7%
Jonathan Villar
46.7%
Tony Pena
45.8%
Benji Gil
45.4%
Benji Gil
45.4%
Nick Ahmed
44.8%
Ronny Cedeno
44.8%
Ronny Cedeno
44.8%
Andujar Cedeno
44.6%
Jean Segura
44.5%
Mark Grudzielanek
44%
Mark Grudzielanek
44%
Mike Gallego
43.9%
Mike Gallego
43.9%
Kevin Stocker
43.5%
Rafael Santana
43.3%
Alex Cora
43%
Alex Cora
43%
Manny Lee
42.1%
Vinny Castilla
40.2%
Greg Gagne
39.8%
Kaz Matsui
39.6%
Kevin Elster
38.3%
Chris Taylor
38.3%
Dickie Thon
38%
Nick Punto
38%
Dickie Thon
38%
Spike Owen
37.7%
Spike Owen
37.7%
Dick Schofield
37.2%
Amed Rosario
37.2%
Jose Vizcaino
36.6%
Trea Turner
35.8%
Wil Cordero
35.7%
Ivan de Jesus
34.9%
Mark Loretta
34.4%
Pete Kozma
34.3%
Jorge Polanco
34%
Mark Lewis
33.9%
Eugenio Suarez
33.8%
Ricky Gutierrez
33.5%
Manny Machado
33.4%
John McDonald
32.9%
Felix Fermin
32%
Cliff Pennington
31.8%
Scott Fletcher
31.3%
Scott Fletcher
31.3%
Ramon Santiago
31.1%
Willie Bloomquist
30.8%
Mike Aviles
29.3%
Miguel Rojas
28.8%
Paul Janish
28.5%
Paul Janish
28.5%
Steve Jeltz
28.1%
Russ Adams
27.9%
Alvaro Espinoza
27.7%
Jose Peraza
26.2%
Wayne Tolleson
25%
Rick Burleson
24.6%
Desi Relaford
24.2%
Pat Meares
24.1%
Andy Fox
24%
Andy Fox
24%
Freddy Galvis
23.3%
Brian Dozier
23.2%
Mike Caruso
22.3%
Jerry Hairston
22.2%
Aledmys Diaz
21.4%
Alex Cintron
20.8%
Tim Foli
20.8%
Jeff Keppinger
20.8%
Reid Brignac
20.4%
Johnnie LeMaster
20.1%
Kurt Abbott
19.4%
Craig Grebeck
19.4%
Tim Bogar
19.2%
Pedro Florimon
19%
JT Riddle
17.9%
Alex Arias
16.6%
Freddie Patek
16.5%
Andrew Romine
16.3%
Andy Stankiewicz
15.4%
Mike Benjamin
14.9%
Ramon Vazquez
14.9%
Josh Rutledge
14.5%
Shane Halter
13.6%
Tsuyoshi Nishioka
12.7%
Rafael Bournigal
12.1%
Tom Veryzer
12%
Omar Quintanilla
11.1%
Mike Morse
10.7%
Tommy Manzella
10.5%
Jeff Huson
10.1%
David Howard
10.1%
Kevin Polcovich
7.9%
Lou Collier
6.6%
Mike Fischlin
6.2%

You're not logged in!

Compare scores with friends on all Sporcle quizzes.
OR
Log In

You Might Also Like...

Show Comments

Extras

Top Quizzes Today


Score Distribution

Your Account Isn't Verified!

In order to create a playlist on Sporcle, you need to verify the email address you used during registration. Go to your Sporcle Settings to finish the process.

Report this User

Report this user for behavior that violates our Community Guidelines.

Details: